000 00538nam a2200205 a 4500
001 BRCA_5860
005 20190320205237.0
008 160311s1927----gw-a######---#000-0#ger-#
041 _ager
044 _agw
050 4 _aBF1031
_b.R54
_c1927
100 1 _aRies, Julius von.
_914842
245 1 0 _aOkkulte Phänomene und Ihre Physikalische Deutung.
260 _aBern
_bPaul haupt
_c1927
300 _a16 p.
_bils., 4 láminas
_c24 cm.
500 _aH112
650 1 4 _aFenómenos Paranormales.
_914843
902 _aGFM
942 _2lcc
_cB
999 _c5549
_d5549